000 00541nam a22001937a 4500
003 KOHA_MİRAKIL
005 20251003134705.0
008 251003b tu ||||| |||| 00| 0 tur d
020 _a9786052022658
040 _aTR-AnABB
_btur
_cTR-AnABB
041 _atur
082 _a833.912
_bZWE 2020
100 1 _aZweig, Stefan,
245 1 0 _aAmok Koşucusu /
_cStefan Zweig
260 _aİstanbul :
_bİlgi Kültür Sanat Yayıncılık,
_c2020
300 _a80 sayfa ;
_c20 cm
650 0 4 _aAlman edebiyatı, roman
942 _2ddc
_cBK
999 _c9068
_d9068
900 _bGizem YORULMAZ